000 00705nam a22002057a 4500
999 _c22241
_d22241
003 AR-CdUCM
008 190425b ||||| |||| 00| 0 spa d
040 _aMUNICIPALIDAD PROVINCIAL DEL CUSCO
_cBIBLIOTECA MUNICIPAL DEL CUSCO
082 _aCannabi/N°2/2017
245 _aCannabi Press /
260 _aCusco.
_bSYG,
_c2017.
300 _a14 páginas. :
_bilustraciones ;
_c30 cm.
440 _aCannabi Press.
_nN°2, 2017
_947736
505 _aContenido: Wachuma el espíritu de los dioses. -- Manu el parque nacional. -- Arqueoastronomia Inka. ...
650 _aCultura andina
_947723
650 _aAstronomía Inka
_947737
650 _aMedina tradicional
_947738
942 _2ddc
_cPP
945 _arac